|
|
|
|
| LEADER |
00000nab a2200000 a 4500 |
| 001 |
vtls000030855 |
| 003 |
SK-MaSNL |
| 005 |
20260303023625.0 |
| 008 |
111103c1979 xo 0 slo |
| 015 |
|
|
|a SNBRB19rr/mm-uuuuu
|
| 035 |
|
|
|a CL0040949
|
| 040 |
|
|
|a SNKBUCL
|b slo
|c SNKBUCL
|e AACR2
|
| 041 |
0 |
|
|a slo
|
| 044 |
|
|
|a xo
|c SK
|
| 080 |
|
|
|a 784
|2 1981
|
| 080 |
|
|
|a 92 Kaušitz, Oto
|2 1981
|
| 100 |
1 |
|
|a Šoltýs, Laco
|4 aut
|9 919028
|
| 245 |
1 |
0 |
|a Nebolo to náhodou. /Kaušitz, Oto./
|b Oto Kaušitz sedemdesiatnikom
|c Laco Šoltýs
|
| 650 |
0 |
7 |
|a Kaušitz, Oto,
|d 1909-1982
|2 snkbucl
|9 1004984
|
| 655 |
|
7 |
|a články z novín a časopisov
|2 snkbucl
|9 267496
|
| 773 |
0 |
|
|t Ľud
|g Roč. 31, č. 118 (22. 5. 1979), s. 5
|
| 850 |
|
|
|a Slovenská národná knižnica v Martine
|a MTA001
|
| 852 |
|
|
|a SNK
|b KIS3GCP
|
| 958 |
|
|
|a RK
|
| 992 |
|
|
|a RBX
|
| 999 |
|
|
|c 1635546
|d 1637476
|